书目信息 |
| 题名: |
医用生物化学
|
|
| 作者: | ||
| 分册: | ||
| 出版信息: | 1983 |
|
| 页数: | 952页 | |
| 开本: | 18开 | |
| 丛书名: | ||
| 单 册: | ||
| 中图分类: | Q5 | |
| 科图分类: | ||
| 主题词: | 生物化学 | |
| 电子资源: | ||
| ISBN: | 7-5627-0271-3 | |
| 000 | 00459nam0 2200181 45 | |
| 001 | 9911301546 | |
| 005 | 19991130153203.0 | |
| 010 | @a7-5627-0271-3@d9.80 | |
| 100 | @a19991130d1983 km y0chiy0120 ea | |
| 101 | @achi | |
| 105 | @a z 000yy | |
| 200 | 1 | @a医用生物化学@AYi Yong Sheng Wu Hua Xue |
| 210 | @d1983 | |
| 215 | @a952页@c无图表@d18开 | |
| 606 | 0 | @a生物化学 |
| 690 | @aQ5@v3 | |
| 801 | @aCN@bPerfectUser@c19991130 | |
| 905 | @aBZT@b22438-439@f2@dQ5@e1 | |
| 医用生物化学.-1983 |
| 952页:无图表;18开 |
| ISBN 7-5627-0271-3:9.80 |
| ● |
| 相关链接 |
|
|
|
正题名:医用生物化学
索取号:Q5/1
 
预约/预借
| 序号 | 登录号 | 条形码 | 馆藏地/架位号 | 状态 | 备注 |
| 1 | 22438 | 200421766 | 中心书库中库/ 中库042架A面3列1层20/ [索取号:Q5/1] | 在馆 | |
| 2 | 22439 | 200421775 | 中心书库中库/ 中库042架A面3列1层19/ [索取号:Q5/1] | 在馆 |